000 00621nam a2200241Ia 4500
001 41826
005 20240114003439.0
007 ta
008 080513s1998 g b000 u asm u
040 _aCotton College,Assam
041 _aasm
082 _a891.41
_bHa 123 Di
100 _aHazarika, Thaneswar .
245 0 _aDin Dukhi /
_cVictor Hugo`s.
_hTextual Documents
250 _a3rd ed /
260 _aGuwahati :
_bSaraighat Prakashan ,
_c1998.
300 _a188pg ;
_c22cm.
653 _aAssamese Fiction
653 _aG-Assamese
942 _2ddc
_cBK
999 _c41792
_d41792